00651nam a2200181 i 450000100060000000300090000600500170001500700030003200800410003510000270007624501200010326000410022330000220026470000250028685200210031199900170033295201200034997490ES-MaACL20230906182118.0t|050712s1935 xxk ||||1| eng d1 aMarcu, Valeriu.97655014aThe expulsion of the jews from Spain / cValeriu Marcu; translated from the German of Valeriu Marcu by Moray Firth. aLondon : bLowe and Brydone, c1935. a181 p. ; c19 cm.1 aMoray, Firth.983172 aES-MaACLjA-4208 c97490d97490 00104070aATENEOMbATENEOMcSPP1d2008-01-17eSCl0oA-4208p1101773r2023-02-23 00:00:00w2023-02-23yMONOGRAFIA